000 00516nam a2200169Ia 4500
008 230917s9999||||xx |||||||||||||| ||und||
020 _cGBP44.99
040 _e241990
_aMAIN
041 _aEnglish
082 _a615.19 L829B
100 _aLoging, William T, ed.
245 0 _aBioinformatics and computational biology in drug discovery and development
260 _aCambridge
_bCambridge University Press
_c2016
300 _axi, 233 p.
500 _a2842 30/08/2017 PBA17/699 30/08/2017 Main Budget
942 _cBK
999 _c23794
_d23794